000 00289nam a22001337a 4500
008 181221b xxu||||| |||| 00| 0 eng d
020 _a9780321227522
041 _aeng
080 _29 th
_a510
100 _a39
101 _amat
245 _aCollege Algebra
_cLial.H
942 _2udc
_cBK
999 _c53585
_d53585